000 01232cam a2200361 a 4500
001 991002344789707486
005 20260429090527.0
007 t
008 990728r19991999sp g r 00011 spa d
020 _a958300667X
035 _a(CO-BoBLA)252566-57bdlrdc_inst
035 _aAGS9648 LA
040 _aCO-BoBLA
_bspa
_dRIMSLA
_erda
_cRIMSLA
041 _aspa
043 _ae-fr---
082 0 4 _aNVER2
_bV37d16
_219 ed.
100 1 _aVerne, Jules Gabriel,
_d1828-1905.
245 1 0 _aDos años de vacaciones /
_cpor Julio Verne ; versión abreviada de María Rosa Duhart ; ilustraciones de Andrés Jullian.
250 _a4a. ed. /
_bedición Gabriel Silva Rincón.
264 _aSantafé de Bogotá :
_bPanamericana Editorial,
_c1999.
300 _a168 páginas :
_bilustraciones ;
_c21 cm.
336 _atext
_btxt
_2rdacontent
337 _aunmediated
_bn
_2rdamedia
338 _avolume
_bnc
_2rdacarrier
650 7 _aNovela francesa.
_2BLAAUTO
650 7 _aVacaciones
_vNovela.
_2BLAAUTO
700 1 _aDuhart, María Rosa,
_etraductor.
700 1 _aJullian, Andrés,
_eilustrador.
700 1 _aSilva Rincón, Gabriel,
_d1955-,
_eeditor.
942 _2ddc
_cBK
949 _an
_bn
960 _aNormalizados-2025
999 _c17812
_d17812